000 00289nam a22001337a 4500
008 171030b xxu||||| |||| 00| 0 eng d
020 _a0521258596
041 _aeng
080 _a336
100 _a56
101 _aFIN
245 _aFREE BANKING IN BRITAIN
_cWHITE,L.H
942 _2udc
_cBK
999 _c36338
_d36338